Bài toán lọc và phân lớp nội dung WEB tiếng Việt với hướng tiếp cận ENTROPY cực đại /
Uloženo v:
| Hlavní autor: | |
|---|---|
| Další autoři: | , , |
| Médium: | Článek |
| Jazyk: | Vietnamese |
| Tagy: |
Přidat tag
Žádné tagy, Buďte první, kdo otaguje tento záznam!
|
| Thư viện lưu trữ: | Thư viện Trường Đại học Đà Lạt |
|---|
| LEADER | 00968nam a2200265 4500 | ||
|---|---|---|---|
| 001 | DLU120143390 | ||
| 005 | ##20121102 | ||
| 040 | # | # | |a DLU |b vie |
| 041 | # | # | |a vie |
| 044 | # | # | |a vn |
| 100 | # | # | |a Nguyễn Việt Cường. |
| 245 | # | # | |a Bài toán lọc và phân lớp nội dung WEB tiếng Việt với hướng tiếp cận ENTROPY cực đại / |c Nguyễn Việt Cường... [và những người khác]. |
| 700 | # | # | |a Hà Quang Thụy |
| 700 | # | # | |a Nguyễn Thị Thùy Linh. |
| 700 | # | # | |a Phan Xuân Hiếu |
| 773 | # | # | |t Một số vấn đề chọn lọc của Công nghệ thông tin. Chủ đề: Mã nguồn mở (Open Source) Báo cáo toàn văn, |g 2006, tr. 174-189 |
| 920 | # | # | |a Phòng Tạp chí -- Trung tâm Thông tin - Thư viện Trường Đại học Đà Lạt |
| 994 | # | # | |a DLU |
| 900 | # | # | |a True |
| 911 | # | # | |a Nguyễn Thị Mai Anh |
| 925 | # | # | |a G |
| 926 | # | # | |a A |
| 927 | # | # | |a BB |
| 980 | # | # | |a Thư viện Trường Đại học Đà Lạt |